000
00296nam a2200109 a 4500
005
20140408090024.0
008
021121s19uu xx 00 eng d
050
_a
PGS '00
_b
CHE #26
100
_a
Chen, Yao Jung
245
_a
The Perception of LRU students on the transition program.
942
_c
PASS
999
_c
96316
_d
96316